Concert Band Instruments - Statistics

General Stats
  • This quiz has been taken 161 times
  • The average score is 20 of 33
Answer Stats
Picture Answer % Correct
Flute
99%
Trombone
90%
Trumpet
89%
French Horn
87%
Tuba
85%
Oboe
83%
Baritone
79%
Triangle
79%
Piccolo
75%
Alto Saxophone
74%
Bass Clarinet
72%
Tenor Saxophone
71%
Bass Drum
67%
Timpani
66%
Snare Drum
63%
Drumset
62%
Baritone Saxophone
61%
Soprano Saxophone
60%
Euphonium
59%
Marimba
58%
Sousaphone
56%
Bongos
55%
Alto Flute
49%
Mellophone
48%
Cornet
46%
Glockenspiel
39%
Contrabass Flute
37%
Crash Cymbals
37%
Bb Clarinet
35%
Flugelhorn
35%
Eb Clarinet
34%
Tenor Trombone
24%
Tom Drum
10%
No matching quizzes found
Score Distribution
Percent of People with Each Score
Percentile by Number Answered
Your Score History
You have not taken this quiz